000 00372 a2200157 4500
001 60648
020 _a857025749X
040 _cAnchieta - Pituba
100 _aÁvila, Ivany Souza
240 1 0 _aEscola e sala de aula
_lpor
245 1 0 _aEscola e sala de aula
300 _a141
362 0 _a2004
650 4 _aEducação, pesquisa e tópicos relacionados
942 _cBK
999 _c60648
_d60648